00000000nam##2200000za#4500
0019.678385
003CaOODSP
00520241127112913
007ta
008150407|1992||||xxc|||||     f|0| 0 fre|d
020 |a0-662-97606-1
040 |aCaOODSP|bfre
043 |an-cn---
0861 |aEn56-94/1992F
1101 |aCanada. |bService de l'environnement atmosphérique.
24513|aLa couche d'ozone, qu'est-ce qui se passe là-haut?
260 |aOttawa - Ontario : |bEnvironnement Canada. |c1992.
300 |a4p. : |bfigures ; |c28 cm.
563 |aCouverture souple
590 |a92-23|b1992-06-05
77508|tThe ozone layer: what's happening up there? |w(CaOODSP)9.644553